Statistics for Songs by Lana del Rey

Click here to take the quiz!

General Stats

  • This quiz has been taken 1,338 times
    (363 since last reset)
  • The average score is 44 of 90

Answer Stats

HintAnswer% Correct
Born to DieBorn to Die
95%
UltraviolenceUltraviolence
88%
Lust for LifeLust for Life (ft. The Weeknd)
87%
Born to DieVideo Games
87%
Born to DieSummertime Sadness
84%
Born to DieBlue Jeans
83%
HoneymoonHoneymoon
79%
MOVIE- "The Great Gatsby"Young and Beautiful
79%
Lust for LifeLove
76%
Born to Die Paradise EditionCola
74%
Born to Die Paradise EditionRide
72%
Born to DieOff to the Races
72%
Born to DieNational Anthem
71%
UltraviolenceBrooklyn Baby
70%
Born to DieLolita
68%
Born to DieCarmen
67%
Lust for LifeCherry
65%
HoneymoonHigh by the Beach
65%
Born to DieDark Paradise
65%
Born to DieRadio
63%
Born to DieThis Is What Makes Us Girls
62%
Born to Die Paradise EditionGods and Monsters
61%
UltraviolenceWest Coast
61%
Born to Die Paradise EditionYayo
61%
Lana del Ray A.K.A. Lizzy GrantYayo
60%
Born to DieDiet Mountain Dew
59%
HoneymoonSalvatore
57%
Born to Die Paradise EditionBlue Velvet
56%
UltraviolenceShades of Cool
55%
UltraviolenceFucked My Way Up to the Top
55%
Born to Die Paradise EditionBel Air
55%
UltraviolenceFlorida Kilos
54%
HoneymoonMusic to Watch Boys To
54%
MOVIE- "Maleficent"Once upon a Dream
54%
Born to Die Paradise EditionAmerican
54%
Lust for LifeWhite Mustang
54%
Born to DieMillion Dollar Man
53%
UltraviolenceMoney Power Glory
53%
HoneymoonArt Deco
53%
Lust for LifeBeautiful People Beautiful Problems (ft. Stevie Nicks)
53%
UltraviolenceCruel World
53%
Lust for LifeSummer Bummer (ft. ASAP Rocky and Playboi Carti)
52%
UltraviolenceSad Girl
52%
Born to Die Paradise EditionBody Electric
52%
UltraviolenceBlack Beauty
51%
Lust for LifeHeroin
51%
HoneymoonFreak
51%
Lust for Life13 Beaches
51%
Honeymoon24
50%
UltraviolenceOld Money
50%
Born to DieWithout You
48%
Lust for LifeGet Free
47%
UltraviolenceGuns and Roses
47%
UltraviolenceThe Other Woman
47%
Born to DieLucky Ones
47%
UltraviolencePretty When You Cry
47%
Lust for LifeCoachella – Woodstock in My Mind
47%
HoneymoonSwan Song
46%
HoneymoonTerrence Loves You
45%
Lust for LifeGroupie Love (ft. ASAP Rocky)
45%
MOVIE- "Big Eyes"Big Eyes
45%
Lust for LifeChange
44%
Lust for LifeWhen the World Was at War We Kept Dancing
44%
HoneymoonThe Blackest Day
44%
HoneymoonReligion
44%
Lust for LifeTomorrow Never Came (ft. Sean Onno Lennon)
43%
HoneymoonDon't Let Me Be Misunderstood
40%
Lust for LifeIn My Feelings
39%
Lust for LifeGod Bless America – and All the Beautiful Women in It
39%
HoneymoonGod Knows I Tried
36%
HoneymoonBurnt Norton (Interlude)
35%
Lana del Ray A.K.A. Lizzy GrantKill Kill
32%
Born to Die Paradise EditionBurning Desire
32%
MOVIE- "Big Eyes"I Can Fly
23%
UltraviolenceFlipside
22%
UltraviolenceIs This Happiness
20%
Lana del Ray A.K.A. Lizzy GrantBrite Lites
19%
Lana del Ray A.K.A. Lizzy GrantGramma (Blue Ribbon Sparkler Trailer Heaven)
19%
Lana del Ray A.K.A. Lizzy GrantQueen of the Gas Station
18%
Lana del Ray A.K.A. Lizzy GrantSmarty
18%
Lana del Ray A.K.A. Lizzy GrantPut Me in a Movie
18%
Lana del Ray A.K.A. Lizzy GrantPawn Shop Blues
18%
Lana del Ray A.K.A. Lizzy GrantMermaid Motel
18%
Lana del Ray A.K.A. Lizzy GrantJump
17%
Lana del Ray A.K.A. Lizzy GrantRaise Me Up (Mississippi South)
14%
Lana del Ray A.K.A. Lizzy GrantFor K part 2
14%
Lana del Ray A.K.A. Lizzy GrantOh Say Can You See
13%
Untitled sixth album Venice Bitch
12%
Untitled sixth album Mariners Apartment Complex
9%
Lust for LifeYosemite
3%

Score Distribution

Percentile by Number Answered

Percent of People with Each Score

Your Score History

You have not taken this quiz since the last reset